Countries Producing the Most Tea (2012) - Statistics

General Stats
  • This quiz has been taken 651 times
  • The average score is 13 of 20
Answer Stats
Tonnes x 1000 Country % Correct
1700 China
98%
1000 India
98%
150 Indonesia
86%
86 Japan
86%
75 Thailand
84%
217 Vietnam
84%
62 Bangladesh
75%
330 Sri Lanka
74%
32 Burma
73%
158 Iran
68%
19 Nepal
65%
225 Turkey
62%
369 Kenya
56%
33 Tanzania
49%
51 Uganda
41%
100 Argentina
38%
22 Mozambique
34%
23 Rwanda
31%
19 Zimbabwe
26%
54 Malawi
24%
No matching quizzes found
Score Distribution
Percent of People with Each Score
Percentile by Number Answered
Your Score History
You have not taken this quiz